Demanda de Educación Superior en el Cantón de Puntarenas /
Enregistré dans:
| Auteur principal: | |
|---|---|
| Collectivité auteur: | |
| Format: | Thèse |
| Publié: |
San José:
UCR
|
| Sujets: | |
| Tags: |
Ajouter un tag
Pas de tags, Soyez le premier à ajouter un tag!
|
MARC
| LEADER | 00000 a a2200000 04500 | ||
|---|---|---|---|
| 001 | 28323 | ||
| 003 | |||
| 040 | |a CRAI/IIS |c CRAI/IIS | ||
| 090 | |a 18781.00 | ||
| 100 | |a Chavarría Arias, Doris María | ||
| 245 | |a Demanda de Educación Superior en el Cantón de Puntarenas / |c Doris María Chavarría Arias | ||
| 260 | |a San José: |b UCR | ||
| 300 | |a 169 p |b **no definido** |b fonodiscos | ||
| 502 | |a Tesis (Licenciada en Sociología) -- Universidad de Costa Rica. Facultad de Ciencias Sociales. Escuela de Antropología y Sociología. Departamento de Sociología, 2002 | ||
| 650 | |a INTITUCIONES DE ENSEÑANZA SUPERIOR | ||
| 650 | |a ENSEÑANZA PROFESIONAL | ||
| 650 | |a OFERTA Y DEMANDA | ||
| 650 | |a OPORTUNIDADES DE EMPLEO | ||
| 650 | |a HISTORIA DE LA EDUCACION | ||
| 650 | |a ELECCION DE UNA OCUPACION | ||
| 650 | |a OPORTUNIDADES DE EDUCACION | ||
| 650 | |a OPORTUNIDADES DE EMPLEO | ||
| 710 | |a Lamas Aparicio, Edith | ||
| 999 | |c 18003 |d 18003 | ||
